000 00675nam a2200289Ia 4500
005 20260324124333.0
008 008 260324s9999 xx 000 0 eng d
020 _a9781315781334
037 _aEBOOK
040 _aCRL
040 _beng
040 _cCRL
041 _2eng
041 _aeng
084 _qCRL
100 _aDiana Jackson-Dwyer; Craig Roberts
_91173757
245 0 _aRevise Psychology for GCSE Level
245 0 _bAQA
260 _bTaylor and Francis
260 _c2010
365 _a
365 _b165
856 _uhttp://www.taylorfrancis.com/books/9781315781334
942 _cEBOOK
999 _c1768062
_d1768062